01152nam a2200217 a 4500008004100000020001800041050001400059100002100073245007800094250001200172260003600184300002100220350000900241650004100250650001200291995017200303995017200475999001700647952013500664952013500799150817s2001 ||||||||||||||||| || u a9780321126528 aQM 25 Mar aMarieb, Elaine N10aEssentials of human anatomy and physiology.(7th ed.)cby Elaine N. Marieb a7th ed. aCanadabBenjamin/Cummingsc2001 axix, 588p. :ill. a0.39 aHUMAN PHYSIOLOGY--INSTRUCTOR'S GUIDE 3aANATOMY aMEDICAL LIBRARY OPEN ACCESSe903037FCBU-SCHOOL OF MEDICINE LIBRARY (Ndola)I0.39jQM 25 MarM2UAVAILABLEWSep 7, 2015y903037ZMedical Library Open Access Collection aMEDICAL LIBRARY OPEN ACCESSe903036FCBU-SCHOOL OF MEDICINE LIBRARY (Ndola)I0.39jQM 25 MarM1UAVAILABLEWSep 7, 2015y903036ZMedical Library Open Access Collection c63840d63840 00102lcc4070a002b002cMedical Library Open Acess Collectiond2023-02-01l0oQM 25 Marp903037r2023-02-01t1w2023-02-01y002 00102lcc4070a002b002cMedical Library Open Acess Collectiond2023-02-01l0oQM 25 Marp903036r2023-02-01t2w2023-02-01y002